[Event "Mitropa Cup 34th"]
[Site "Mayrhofen"]
[Date "2015.06.16"]
[Round "3.4"]
[White "Sermier, Guillaume"]
[Black "Jovanovic, Zoran"]
[Result "1-0"]
[WhiteElo "2414"]
[BlackElo "2520"]
[PlyCount "93"]
[EventDate "2015.06.14"]
[EventType "team"]
[EventRounds "9"]
[EventCountry "AUT"]
[WhiteTeam "Switzerland"]
[BlackTeam "Croatia"]
[WhiteTeamCountry "SUI"]
[BlackTeamCountry "CRO"]

1. Nf3 d6 2. d4 g6 3. c4 Bg7 4. Nc3 Nf6 5. e4 O-O 6. Be2 e5 7. d5 Na6 8. O-O
Nc5 9. Qc2 a5 10. Bg5 h6 11. Be3 b6 12. Nd2 Ng4 13. Bxg4 Bxg4 14. a3 f5 15. f3
Bh5 16. b4 Nd7 17. c5 f4 18. Bf2 bxc5 19. bxc5 dxc5 20. Na4 g5 21. h3 Bg6 22.
Nxc5 Nxc5 23. Qxc5 Rf7 24. Rfc1 h5 25. Qc6 Kh7 26. Rab1 Rb8 27. Rxb8 Qxb8 28.
Rb1 Qd8 29. Qc3 a4 30. Qc6 g4 31. hxg4 hxg4 32. Kf1 g3 33. Bg1 Rf6 34. Qxa4 c6
35. Bb6 Qe8 36. Bc5 Qd8 37. d6 Rxd6 38. Bxd6 Qxd6 39. Ke2 Bf7 40. Qa7 Kg6 41.
Rb7 Qe6 42. a4 Bf8 43. a5 Qa2 44. Rxf7 Qxf7 45. Qxf7+ Kxf7 46. Nb3 Bd6 47. a6
1-0

[Event "Mitropa Cup 34th"]
[Site "Mayrhofen"]
[Date "2015.06.16"]
[Round "3.1"]
[White "Bailet, Pierre"]
[Black "Babula, Vlastimil"]
[Result "1/2-1/2"]
[WhiteElo "2518"]
[BlackElo "2552"]
[PlyCount "69"]
[EventDate "2015.06.14"]
[EventType "team"]
[EventRounds "9"]
[EventCountry "AUT"]
[WhiteTeam "France"]
[BlackTeam "Czech Republic"]
[WhiteTeamCountry "FRA"]
[BlackTeamCountry "CZE"]

1. e4 c5 2. Nf3 e6 3. Nc3 d6 4. d4 cxd4 5. Qxd4 Nc6 6. Bb5 Bd7 7. Qd3 Be7 8.
Bf4 a6 9. Bxc6 Bxc6 10. O-O-O e5 11. Be3 Nf6 12. Bg5 Ng4 13. Bxe7 Qxe7 14. Rd2
Rd8 15. Rhd1 Nf6 16. Nh4 g6 17. Qe3 Rd7 18. f3 O-O 19. Qg5 Kh8 20. g4 Rfd8 21.
Ng2 d5 22. f4 d4 23. fxe5 Nxg4 24. Qxg4 dxc3 25. Rxd7 cxb2+ 26. Kxb2 Rxd7 27.
Rxd7 Bxd7 28. Qf4 Kg7 29. c3 g5 30. Qg3 Bc6 31. Nf4 Bxe4 32. Nh5+ Kf8 33. Nf6
Bg6 34. Qxg5 Qe6 35. Qe3 1/2-1/2

[Event "Mitropa Cup 34th"]
[Site "Mayrhofen"]
[Date "2015.06.16"]
[Round "3.2"]
[White "Kriebel, Tadeas"]
[Black "Dourerassou, Jonathan"]
[Result "1-0"]
[WhiteElo "2459"]
[BlackElo "2415"]
[PlyCount "89"]
[EventDate "2015.06.14"]
[EventType "team"]
[EventRounds "9"]
[EventCountry "AUT"]
[WhiteTeam "Czech Republic"]
[BlackTeam "France"]
[WhiteTeamCountry "CZE"]
[BlackTeamCountry "FRA"]

1. e4 c5 2. Nf3 Nc6 3. d4 cxd4 4. Nxd4 Qc7 5. Nc3 e6 6. Be2 a6 7. O-O Nf6 8.
Be3 b5 9. Nxc6 dxc6 10. Bd3 Bb7 11. f4 c5 12. e5 Nd5 13. Nxd5 Bxd5 14. c4 bxc4
15. Bc2 Be7 16. Ba4+ Kf8 17. Qh5 g6 18. Qh6+ Kg8 19. Rad1 Bf8 20. Qh3 Bg7 21.
Rd2 h5 22. Bc2 Bh6 23. Rdf2 Qe7 24. Bd2 Kg7 25. Bc3 Rhf8 26. Re2 Rad8 27. Re3
Rh8 28. Rg3 Kf8 29. Re3 Bc6 30. Re2 Kg7 31. Be1 Rd4 32. Bh4 g5 33. Qg3 Kf8 34.
fxg5 Rg4 35. gxh6 Qxh4 36. Qe3 Qe7 37. h3 Rd4 38. Bg6 Be8 39. Ref2 Rd7 40. Rf6
Rc7 41. h7 Qd7 42. Qh6+ Ke7 43. Rxf7+ Bxf7 44. Rxf7+ Kd8 45. Qg5+ 1-0

[Event "Mitropa Cup 34th"]
[Site "Mayrhofen"]
[Date "2015.06.16"]
[Round "3.3"]
[White "Barbot, Pierre"]
[Black "Kociscak, Jiri"]
[Result "1/2-1/2"]
[WhiteElo "2463"]
[BlackElo "2474"]
[PlyCount "59"]
[EventDate "2015.06.14"]
[EventType "team"]
[EventRounds "9"]
[EventCountry "AUT"]
[WhiteTeam "France"]
[BlackTeam "Czech Republic"]
[WhiteTeamCountry "FRA"]
[BlackTeamCountry "CZE"]

1. d4 f5 2. Qd3 d5 3. g4 g6 4. g5 Bg7 5. Bf4 c5 6. e3 Nc6 7. Nf3 a6 8. c3 Be6
9. Nbd2 Bf7 10. h4 e6 11. Bg2 Nge7 12. Qe2 Nc8 13. h5 gxh5 14. Nf1 Nd6 15. Ng3
Ne4 16. Nxh5 Bxh5 17. Rxh5 Qa5 18. Nd2 Nxd2 19. Qxd2 O-O-O 20. a3 e5 21. dxe5
Bxe5 22. O-O-O Bxf4 23. exf4 Kb8 24. Qc2 Qc7 25. Qxf5 Rhf8 26. Qg4 d4 27. Bxc6
Qxc6 28. c4 Qe4 29. Rh4 d3 30. f5 1/2-1/2

[Event "Mitropa Cup 34th"]
[Site "Mayrhofen"]
[Date "2015.06.16"]
[Round "3.4"]
[White "Rojicek, Vojtech"]
[Black "Di Nicolantonio, Lucas"]
[Result "1-0"]
[WhiteElo "2414"]
[BlackElo "2417"]
[PlyCount "67"]
[EventDate "2015.06.14"]
[EventType "team"]
[EventRounds "9"]
[EventCountry "AUT"]
[WhiteTeam "Czech Republic"]
[BlackTeam "France"]
[WhiteTeamCountry "CZE"]
[BlackTeamCountry "FRA"]

1. d4 d5 2. c4 e6 3. Nc3 c6 4. Nf3 Nf6 5. Bg5 h6 6. Bh4 dxc4 7. e4 g5 8. Bg3 b5
9. Be2 Bb7 10. e5 Nd5 11. O-O Nxc3 12. bxc3 c5 13. a4 a6 14. Qb1 g4 15. Nh4
cxd4 16. Bxc4 Qc8 17. Bd3 dxc3 18. axb5 a5 19. Ng6 fxg6 20. Bxg6+ Kd8 21. Rd1+
Nd7 22. Qa2 Bd5 23. Rxd5 exd5 24. Qxd5 Ra7 25. b6 Rb7 26. e6 Rxb6 27. exd7 Qxd7
28. Qa8+ Qc8 29. Rd1+ Rd6 30. Qxa5+ Qc7 31. Qa8+ Qc8 32. Bh4+ Kc7 33. Qa5+ Rb6
34. Bg3+ 1-0

[Event "Mitropa Cup 34th"]
[Site "Mayrhofen"]
[Date "2015.06.16"]
[Round "3.1"]
[White "Michalik, Peter"]
[Black "Ragger, Markus"]
[Result "0-1"]
[WhiteElo "2546"]
[BlackElo "2676"]
[PlyCount "80"]
[EventDate "2015.06.14"]
[EventType "team"]
[EventRounds "9"]
[EventCountry "AUT"]
[WhiteTeam "Slovakia"]
[BlackTeam "Austria"]
[WhiteTeamCountry "SVK"]
[BlackTeamCountry "AUT"]

1. d4 Nf6 2. c4 g6 3. Nc3 d5 4. cxd5 Nxd5 5. Bd2 Bg7 6. e4 Nxc3 7. Bxc3 O-O 8.
Qd2 c5 9. d5 e6 10. Be2 exd5 11. exd5 Nd7 12. Bxg7 Kxg7 13. O-O-O Nf6 14. Bf3
b5 15. Ne2 b4 16. h4 h5 17. Ng3 Rb8 18. Qg5 Rb6 19. Bxh5 Ra6 20. Be2 Rxa2 21.
h5 b3 22. Bc4 Ra1+ 23. Kd2 Rxd1+ 24. Kxd1 Nxd5 25. Qd2 Nf4 26. Bxb3 Bb7 27.
hxg6 fxg6 28. Qxd8 Rxd8+ 29. Kc2 Bxg2 30. Ra1 Rd7 31. Ra5 Rc7 32. Bc4 Nh3 33.
Ne2 g5 34. Ng3 Nxf2 35. Ra6 Bc6 36. Nf5+ Kf6 37. Nd6 Ke5 38. Nf7+ Kd4 39. Be6
g4 40. Nd8 Bf3 0-1

[Event "Mitropa Cup 34th"]
[Site "Mayrhofen"]
[Date "2015.06.16"]
[Round "3.2"]
[White "Shengelia, David"]
[Black "Jurcik, Marian"]
[Result "1-0"]
[WhiteElo "2573"]
[BlackElo "2487"]
[PlyCount "81"]
[EventDate "2015.06.14"]
[EventType "team"]
[EventRounds "9"]
[EventCountry "AUT"]
[WhiteTeam "Austria"]
[BlackTeam "Slovakia"]
[WhiteTeamCountry "AUT"]
[BlackTeamCountry "SVK"]

1. d4 Nf6 2. c4 e6 3. Nf3 b6 4. g3 Bb7 5. Bg2 Bb4+ 6. Bd2 Bxd2+ 7. Qxd2 O-O 8.
Nc3 d6 9. d5 e5 10. O-O a5 11. Ne1 Nbd7 12. Nc2 Nc5 13. e4 c6 14. dxc6 Bxc6 15.
Rfe1 Qb8 16. Na3 Rd8 17. Nab5 Ne8 18. f4 f6 19. Rad1 Nc7 20. f5 Be8 21. g4 Bf7
22. Bf1 Nxb5 23. Nxb5 h6 24. h4 Kf8 25. Qe3 Ke7 26. Rd2 Qb7 27. b3 Qc6 28. g5
hxg5 29. hxg5 Rd7 30. Rh2 Rg8 31. g6 Be8 32. Nc3 Kd8 33. Rd1 Kc8 34. Nd5 Rb7
35. a3 Kb8 36. b4 Nd7 37. Ne7 Qa4 38. Qd2 Rf8 39. Qxd6+ Ka8 40. Rd3 axb4 41.
axb4 1-0

[Event "Mitropa Cup 34th"]
[Site "Mayrhofen"]
[Date "2015.06.16"]
[Round "3.3"]
[White "Repka, Christopher"]
[Black "Kreisl, Robert"]
[Result "1/2-1/2"]
[WhiteElo "2414"]
[BlackElo "2441"]
[PlyCount "45"]
[EventDate "2015.06.14"]
[EventType "team"]
[EventRounds "9"]
[EventCountry "AUT"]
[WhiteTeam "Slovakia"]
[BlackTeam "Austria"]
[WhiteTeamCountry "SVK"]
[BlackTeamCountry "AUT"]

1. d4 Nf6 2. c4 g6 3. Nf3 Bg7 4. g3 c6 5. Bg2 d5 6. cxd5 cxd5 7. O-O O-O 8. Nc3
Ne4 9. e3 Nxc3 10. bxc3 Nc6 11. Nd2 Be6 12. Ba3 Qd7 13. Rb1 Rac8 14. Qe2 Rfd8
15. Rfc1 Na5 16. Qb5 b6 17. Bf1 Bf5 18. Qxd7 Rxd7 19. Rb5 Be6 20. Rbb1 Bf5 21.
Rb5 Be6 22. Rbb1 Bf5 23. Rb5 1/2-1/2

[Event "Mitropa Cup 34th"]
[Site "Mayrhofen"]
[Date "2015.06.16"]
[Round "3.4"]
[White "Diermair, Andreas"]
[Black "Druska, Juraj"]
[Result "1/2-1/2"]
[WhiteElo "2494"]
[BlackElo "2433"]
[PlyCount "89"]
[EventDate "2015.06.14"]
[EventType "team"]
[EventRounds "9"]
[EventCountry "AUT"]
[WhiteTeam "Austria"]
[BlackTeam "Slovakia"]
[WhiteTeamCountry "AUT"]
[BlackTeamCountry "SVK"]

1. d4 Nf6 2. c4 e6 3. Nf3 b6 4. g3 Ba6 5. Qc2 Bb7 6. Bg2 Bb4+ 7. Bd2 Bxd2+ 8.
Nbxd2 d6 9. e4 Nbd7 10. O-O e5 11. b4 Qe7 12. Rfe1 O-O 13. a3 a5 14. Rab1 axb4
15. axb4 Ra7 16. d5 Rfa8 17. Nb3 Qf8 18. Nfd2 Ra2 19. Rb2 Rxb2 20. Qxb2 Ra4 21.
Ra1 Qa8 22. Bh3 Kf8 23. Qc3 Rxa1+ 24. Qxa1 Qxa1+ 25. Nxa1 Ke7 26. f3 Bc8 27.
Nc2 Kd8 28. Kf2 Nf8 29. Bxc8 Kxc8 30. Nb3 N8d7 31. Na3 Nb8 32. Nb5 Na6 33. Na7+
Kd7 34. Nc6 Ng8 35. f4 f6 36. Nc1 Kc8 37. Nd3 Nb8 38. b5 Nd7 39. Kf3 Nc5 40.
Nxc5 bxc5 41. g4 g5 42. f5 Kd7 43. Ke3 Ne7 44. Kd3 Nc8 45. Kc3 1/2-1/2

[Event "Mitropa Cup 34th"]
[Site "Mayrhofen"]
[Date "2015.06.16"]
[Round "3.1"]
[White "Havasi, Gergo"]
[Black "Bluebaum, Matthias"]
[Result "0-1"]
[WhiteElo "2355"]
[BlackElo "2600"]
[PlyCount "84"]
[EventDate "2015.06.14"]
[EventType "team"]
[EventRounds "9"]
[EventCountry "AUT"]
[WhiteTeam "Hungary"]
[BlackTeam "Germany"]
[WhiteTeamCountry "HUN"]
[BlackTeamCountry "GER"]

1. e4 e6 2. d4 d5 3. exd5 exd5 4. Bd3 Nc6 5. c3 Bd6 6. Nf3 Nge7 7. O-O Bg4 8.
h3 Bh5 9. Re1 Qd7 10. Nbd2 Bg6 11. Bb5 O-O 12. Nb3 a6 13. Bf1 f6 14. Nh4 Bf7
15. Bd3 Rae8 16. Bd2 g5 17. Nf3 Bg6 18. Bf1 Be4 19. Nh2 Ng6 20. c4 dxc4 21.
Bxc4+ Kg7 22. Be3 Bxg2 23. Qg4 Bxh3 24. Qxd7+ Bxd7 25. Nc5 Bxc5 26. dxc5 Nce5
27. Be2 Bc6 28. b4 Nh4 29. Red1 Nf5 30. Bc1 Ba4 31. Rd2 Bb5 32. Bh5 Re7 33. a4
Bc6 34. f4 Nc4 35. Rd1 Ng3 36. b5 axb5 37. axb5 Bxb5 38. Bf3 Ne2+ 39. Kf2 Nxc1
40. Raxc1 Nb2 41. Rd4 Nd3+ 42. Rxd3 Bxd3 0-1

[Event "Mitropa Cup 34th"]
[Site "Mayrhofen"]
[Date "2015.06.16"]
[Round "3.2"]
[White "Wagner, Dennis"]
[Black "Kantor, Gergely"]
[Result "1-0"]
[WhiteElo "2569"]
[BlackElo "2416"]
[PlyCount "79"]
[EventDate "2015.06.14"]
[EventType "team"]
[EventRounds "9"]
[EventCountry "AUT"]
[WhiteTeam "Germany"]
[BlackTeam "Hungary"]
[WhiteTeamCountry "GER"]
[BlackTeamCountry "HUN"]

1. d4 d5 2. c4 c6 3. Nf3 Nf6 4. e3 Bg4 5. h3 Bh5 6. g4 Bg6 7. Ne5 e6 8. Nd2
Nbd7 9. Nxg6 hxg6 10. Bg2 g5 11. O-O Bd6 12. Re1 Qe7 13. e4 dxe4 14. Nxe4 Nxe4
15. Rxe4 O-O 16. Be3 Qd8 17. d5 cxd5 18. cxd5 e5 19. Qd2 Nf6 20. Ra4 a6 21. Rc4
Nh7 22. Rac1 Qe7 23. Bb6 g6 24. Bc7 Rfe8 25. Qe3 Qf6 26. Qb3 e4 27. Qxb7 Bxc7
28. Rxc7 Rab8 29. Qc6 Qf4 30. d6 e3 31. fxe3 Qxe3+ 32. Kh1 Rxb2 33. d7 Rf8 34.
Qd5 Rbb8 35. Rc8 Kg7 36. Qd6 Rd8 37. Qxb8 Qxc1+ 38. Rxc1 Rxb8 39. Rc8 Rb1+ 40.
Kh2 1-0

[Event "Mitropa Cup 34th"]
[Site "Mayrhofen"]
[Date "2015.06.16"]
[Round "3.3"]
[White "Korpa, Bence"]
[Black "Heimann, Andreas"]
[Result "1-0"]
[WhiteElo "2432"]
[BlackElo "2551"]
[PlyCount "155"]
[EventDate "2015.06.14"]
[EventType "team"]
[EventRounds "9"]
[EventCountry "AUT"]
[WhiteTeam "Hungary"]
[BlackTeam "Germany"]
[WhiteTeamCountry "HUN"]
[BlackTeamCountry "GER"]

1. c4 c5 2. Nc3 g6 3. Nf3 Bg7 4. e3 Nf6 5. d4 cxd4 6. exd4 d5 7. Qb3 dxc4 8.
Bxc4 O-O 9. Ne5 e6 10. Be3 Nc6 11. Nxc6 bxc6 12. O-O Nd5 13. Rac1 a5 14. Rfd1
Nxe3 15. fxe3 Ra7 16. Ne4 Qe7 17. Rf1 Kh8 18. Qb6 Rb7 19. Qxa5 Rxb2 20. Qc5 Qd8
21. Rf2 Rxf2 22. Nxf2 f5 23. Rd1 f4 24. e4 f3 25. g3 Bh6 26. a4 Qf6 27. Rd3 Bd7
28. Ng4 Qg7 29. Qe5 f2+ 30. Nxf2 Qxe5 31. dxe5 Bc8 32. Ng4 Bc1 33. Rb3 h5 34.
Nf2 Bd2 35. Kg2 Ba5 36. Nd3 Bc7 37. Nf4 Kg7 38. Bxe6 Bxe5 39. Bxc8 Rxc8 40. Nd3
Bd4 41. Nf4 Kf6 42. Rb4 Be5 43. Kf3 h4 44. a5 hxg3 45. hxg3 Ra8 46. Ra4 Ra6 47.
Nd3 Bc3 48. e5+ Kf7 49. Ke4 Bd2 50. Ra2 Bc3 51. Rc2 Bxa5 52. Rf2+ Kg7 53. Nc5
Ra7 54. Ne6+ Kh7 55. Rf6 Bc3 56. Nf8+ Kg7 57. Nxg6 Ra3 58. Nf4 Ba1 59. Rxc6 Ra5
60. Rc7+ Kh6 61. Nd5 Ra2 62. Kf5 Re2 63. Re7 Bd4 64. Nf4 Re1 65. g4 Rg1 66. e6
Be3 67. Rf7 Bxf4 68. Kxf4 Kg6 69. Rf5 Re1 70. Re5 Rf1+ 71. Ke4 Re1+ 72. Kd5
Rd1+ 73. Kc6 Rc1+ 74. Kd6 Rd1+ 75. Rd5 Ra1 76. e7 Ra6+ 77. Kd7 Ra7+ 78. Ke6 1-0

[Event "Mitropa Cup 34th"]
[Site "Mayrhofen"]
[Date "2015.06.16"]
[Round "3.4"]
[White "Paehtz, Elisabeth"]
[Black "Kozak, Adam"]
[Result "1-0"]
[WhiteElo "2458"]
[BlackElo "2340"]
[PlyCount "67"]
[EventDate "2015.06.14"]
[EventType "team"]
[EventRounds "9"]
[EventCountry "AUT"]
[WhiteTeam "Germany"]
[BlackTeam "Hungary"]
[WhiteTeamCountry "GER"]
[BlackTeamCountry "HUN"]

1. e4 e5 2. Nf3 Nc6 3. Bc4 Bc5 4. O-O Nf6 5. d3 d6 6. c3 a6 7. Bb3 Ba7 8. Nbd2
O-O 9. h3 Ne7 10. Re1 Ng6 11. Nf1 Re8 12. Ng3 Bd7 13. d4 Bc6 14. Ng5 Rf8 15.
Nf3 Re8 16. dxe5 Nxe5 17. Nd4 Bd7 18. Be3 Ng6 19. f3 Rc8 20. Qd2 Qe7 21. Kh2
Ra8 22. Rad1 Qd8 23. Bg5 h6 24. Bxh6 Bxd4 25. cxd4 gxh6 26. Qxh6 Nf8 27. e5
N6h7 28. f4 Re6 29. Bxe6 fxe6 30. Nh5 Qe7 31. Rd3 Kh8 32. Rg3 Qf7 33. Rg7 Qxh5
34. Rxh7+ 1-0

[Event "Mitropa Cup 34th"]
[Site "Mayrhofen"]
[Date "2015.06.17"]
[Round "4.1"]
[White "Pelletier, Yannick"]
[Black "Bluebaum, Matthias"]
[Result "1/2-1/2"]
[WhiteElo "2563"]
[BlackElo "2600"]
[PlyCount "63"]
[EventDate "2015.06.14"]
[EventType "team"]
[EventRounds "9"]
[EventCountry "AUT"]
[WhiteTeam "Switzerland"]
[BlackTeam "Germany"]
[WhiteTeamCountry "SUI"]
[BlackTeamCountry "GER"]

1. c4 e6 2. d4 d5 3. Nf3 Nf6 4. Nc3 Bb4 5. g3 O-O 6. Bg2 dxc4 7. O-O Nc6 8. Bg5
h6 9. Bxf6 Qxf6 10. e3 Rb8 11. Nd2 Na5 12. Qc2 Qe7 13. a3 Bd6 14. Nce4 e5 15.
Qc3 Nb3 16. Nxd6 cxd6 17. Nxb3 cxb3 18. Qxb3 exd4 19. exd4 Be6 20. Rfe1 Qd7 21.
Qb4 Rfc8 22. Rac1 d5 23. h4 b6 24. Bf1 Rxc1 25. Rxc1 Rc8 26. Rc3 Rxc3 27. Qxc3
Qc8 28. Qxc8+ Bxc8 29. Bd3 Kf8 30. Kf1 Ke7 31. Ke2 g5 32. Ke3 1/2-1/2

[Event "Mitropa Cup 34th"]
[Site "Mayrhofen"]
[Date "2015.06.17"]
[Round "4.2"]
[White "Wagner, Dennis"]
[Black "Loetscher, Roland"]
[Result "1-0"]
[WhiteElo "2569"]
[BlackElo "2449"]
[PlyCount "109"]
[EventDate "2015.06.14"]
[EventType "team"]
[EventRounds "9"]
[EventCountry "AUT"]
[WhiteTeam "Germany"]
[BlackTeam "Switzerland"]
[WhiteTeamCountry "GER"]
[BlackTeamCountry "SUI"]

1. d4 d5 2. c4 c6 3. Nf3 Nf6 4. Nc3 e6 5. e3 Nbd7 6. Bd3 dxc4 7. Bxc4 b5 8. Bd3
Bb7 9. O-O a6 10. e4 c5 11. d5 Qc7 12. dxe6 fxe6 13. Ng5 Qc6 14. Qe2 c4 15. Bc2
Bc5 16. b4 Bd4 17. Bb2 e5 18. Nf3 Bxc3 19. Bxc3 O-O 20. Rad1 Rae8 21. Rd2 Qc7
22. Qe3 Nh5 23. Rfd1 Bc8 24. Qg5 Nf4 25. Rxd7 Bxd7 26. Bxe5 Rxe5 27. Qxe5 Qc8
28. Nd4 Bh3 29. gxh3 Nxh3+ 30. Kf1 Rxf2+ 31. Ke1 Qg4 32. Qe8+ Rf8 33. Qe6+ Qxe6
34. Nxe6 Rf6 35. Nc5 Ng5 36. Ke2 Rh6 37. Rd8+ Kf7 38. Rd7+ Kf8 39. Ke3 Rxh2 40.
Bd1 Rxa2 41. e5 a5 42. Kf4 Nh3+ 43. Kf5 g6+ 44. Ke6 axb4 45. Rb7 Nf4+ 46. Kf6
Nd5+ 47. Kg5 Rg2+ 48. Kh6 Rh2+ 49. Kg5 Rg2+ 50. Kh4 Ne3 51. Kh3 Rf2 52. e6 Nxd1
53. Ne4 Re2 54. Rf7+ Ke8 55. Nd6+ 1-0

[Event "Mitropa Cup 34th"]
[Site "Mayrhofen"]
[Date "2015.06.17"]
[Round "4.3"]
[White "Sermier, Guillaume"]
[Black "Heimann, Andreas"]
[Result "1/2-1/2"]
[WhiteElo "2414"]
[BlackElo "2551"]
[PlyCount "158"]
[EventDate "2015.06.14"]
[EventType "team"]
[EventRounds "9"]
[EventCountry "AUT"]
[WhiteTeam "Switzerland"]
[BlackTeam "Germany"]
[WhiteTeamCountry "SUI"]
[BlackTeamCountry "GER"]

1. d4 Nf6 2. c4 g6 3. Nc3 d5 4. cxd5 Nxd5 5. g3 Bg7 6. Bg2 Nxc3 7. bxc3 c5 8.
Nf3 Nc6 9. e3 O-O 10. O-O Be6 11. Ba3 cxd4 12. cxd4 Rc8 13. Qd2 Re8 14. Rfc1
Bd5 15. Bb2 b6 16. Qe2 Na5 17. Rxc8 Qxc8 18. e4 Qc4 19. Qe1 Bb7 20. Ne5 Qa4 21.
Qd1 Qxd1+ 22. Rxd1 Rc8 23. Rc1 Rxc1+ 24. Bxc1 e6 25. Bb2 f6 26. Nd3 f5 27. Nf4
Kf7 28. exf5 exf5 29. Bf1 g5 30. Nd3 Bd5 31. Nb4 Bc4 32. Bg2 Bf8 33. a3 Ke6 34.
d5+ Kd7 35. Nc6 Nxc6 36. dxc6+ Kc7 37. h4 g4 38. f4 Bb5 39. Bd5 Bxc6 40. Bg8 h6
41. Kf2 Be4 42. h5 Kc6 43. Ke3 b5 44. Bf7 a5 45. Be6 b4 46. axb4 axb4 47. Be5
Kb5 48. Bb3 Kc5 49. Be6 Kb5 50. Bb3 Kc6 51. Be6 Bc2 52. Kd2 b3 53. Ke2 Ba3 54.
Kd2 Bb4+ 55. Ke2 Kb5 56. Bb2 Bc5 57. Ke1 Ka4 58. Bd7+ Kb4 59. Ke2 Bb6 60. Be6
Bc5 61. Bf7 Kb5 62. Be6 Bb4 63. Bf7 Bf8 64. Be6 Kb4 65. Bf7 Be4 66. Be6 Bb1 67.
Kd2 Bc2 68. Ke2 Be4 69. Kd2 Bc5 70. Ke2 Bc2 71. Bf7 Bg1 72. Kf1 Bb6 73. Ke2 Bc5
74. Be6 Be4 75. Ke1 Bc2 76. Ke2 Kb5 77. Bf7 Bb4 78. Be6 Bf8 79. Bf7 Kb4 1/2-1/2

[Event "Mitropa Cup 34th"]
[Site "Mayrhofen"]
[Date "2015.06.17"]
[Round "4.4"]
[White "Paehtz, Elisabeth"]
[Black "Patuzzo, Fabrizio"]
[Result "1/2-1/2"]
[WhiteElo "2458"]
[BlackElo "2282"]
[PlyCount "140"]
[EventDate "2015.06.14"]
[EventType "team"]
[EventRounds "9"]
[EventCountry "AUT"]
[WhiteTeam "Germany"]
[BlackTeam "Switzerland"]
[WhiteTeamCountry "GER"]
[BlackTeamCountry "SUI"]

1. d4 d5 2. Nf3 Nf6 3. c4 c6 4. Qb3 dxc4 5. Qxc4 Bf5 6. Nc3 e6 7. g3 Nbd7 8.
Bg2 Be7 9. O-O O-O 10. Re1 Ne4 11. Qb3 Qb6 12. Nh4 Bxh4 13. gxh4 Qxb3 14. axb3
Nef6 15. e4 Bg6 16. Bf4 Rfe8 17. Bd6 Nh5 18. Na4 a6 19. b4 e5 20. Nc5 Nxc5 21.
bxc5 Nf4 22. dxe5 f6 23. exf6 Nxg2 24. Kxg2 Bxe4+ 25. f3 Bd5 26. Re7 gxf6 27.
Rxb7 Re3 28. Rf1 Rae8 29. Kg3 Rd3 30. Kf4 Rd4+ 31. Kf5 Bf7 32. Rg1+ Bg6+ 33.
Kxf6 Rxh4 34. Re7 Rf8+ 35. Ke6 Rxf3 36. Kd7 Rb4 37. Kxc6 Rxb2 38. Be5 Rc2 39.
h4 Rf7 40. Re6 Rf5 41. Bd6 Kf7 42. Rge1 Rf3 43. Re7+ Kf6 44. R1e6+ Kf5 45. Re5+
Kg4 46. h5 Bf5 47. Rg7+ Kxh5 48. Rxh7+ Kg6 49. Ree7 Be4+ 50. Kc7 Rc4 51. Rhg7+
Kf5 52. Kd7 Bd5 53. Re5+ Kf6 54. Reg5 Be6+ 55. Kc6 Bf7 56. Kc7 a5 57. Kd7 Be6+
58. Ke8 Bf5 59. Rg1 Ke6 60. Rd1 Bd3 61. Re7+ Kd5 62. Kd7 Re4 63. c6 Rxe7+ 64.
Bxe7 Kc4 65. Rc1+ Kb3 66. c7 Bf5+ 67. Kd8 Rc3 68. Rxc3+ Kxc3 69. c8=Q+ Bxc8 70.
Kxc8 a4 1/2-1/2

[Event "Mitropa Cup 34th"]
[Site "Mayrhofen"]
[Date "2015.06.17"]
[Round "4.1"]
[White "Shengelia, David"]
[Black "Havasi, Gergo"]
[Result "1-0"]
[WhiteElo "2573"]
[BlackElo "2355"]
[PlyCount "225"]
[EventDate "2015.06.14"]
[EventType "team"]
[EventRounds "9"]
[EventCountry "AUT"]
[WhiteTeam "Austria"]
[BlackTeam "Hungary"]
[WhiteTeamCountry "AUT"]
[BlackTeamCountry "HUN"]

1. Nf3 d5 2. c4 d4 3. b4 Bg4 4. d3 c6 5. Nbd2 Nf6 6. g3 Bxf3 7. Nxf3 e5 8. Rb1
Nbd7 9. Bg2 a5 10. b5 Bb4+ 11. Nd2 Qc7 12. a3 Bc3 13. O-O O-O 14. h3 a4 15. Bb2
Bxd2 16. Qxd2 Nc5 17. Qg5 Nb3 18. Bc1 Rae8 19. Qf5 Qd6 20. bxc6 bxc6 21. Bg5
Nd7 22. h4 Ndc5 23. h5 h6 24. Bc1 Re6 25. Qg4 f5 26. Qh4 f4 27. gxf4 exf4 28.
Bf3 Nd7 29. Kh1 Ne5 30. Be4 Nxc4 31. Rg1 Re5 32. Bf3 Nb6 33. Rg6 Qe7 34. Qxe7
Rxe7 35. Rxc6 Nd7 36. Rc4 Ndc5 37. Rb2 Nxd3 38. exd3 Re1+ 39. Kh2 Rxc1 40. Rxa4
Nc5 41. Rxd4 Rc3 42. Bd5+ Kh8 43. Rxf4 Rd8 44. Bc4 Rxa3 45. Rb5 Nxd3 46. Rd4
Rf8 47. Bxd3 Rxf2+ 48. Kg3 Rf8 49. Rb7 Raa8 50. Rg4 Ra3 51. Rd7 Rg8 52. Rf4 Ra5
53. Kh4 Rg5 54. Rdf7 Rg1 55. Be4 Rd1 56. Bg6 Rdd8 57. Re7 Rb8 58. Rg4 Rb6 59.
Bf5 Rf6 60. Bd3 Rc6 61. Bc4 Rd8 62. Be6 Rcd6 63. Bf5 Rf6 64. Be6 Rb8 65. Bd7
Rg8 66. Be8 Rgf8 67. Ree4 Rf1 68. Bg6 Rh1+ 69. Kg3 Rg1+ 70. Kh2 Rgf1 71. Rg2
R1f6 72. Ree2 Rf4 73. Rb2 R4f6 74. Rge2 Rf4 75. Kg3 R4f6 76. Re3 Rf1 77. Be4
Rg1+ 78. Bg2 Ra1 79. Rf2 Rd8 80. Rf7 Ra5 81. Bf3 Rg5+ 82. Kf4 Kg8 83. Rfe7 Rf8+
84. Ke4 Rgf5 85. Bd1 Rg5 86. Bb3+ Kh8 87. Bf7 Ra5 88. Rd7 Ra4+ 89. Ke5 Ra6 90.
Rg3 Rf6 91. Bd5 Rf5+ 92. Ke4 Rf4+ 93. Ke3 R4f5 94. Be4 R5f7 95. Rxf7 Rxf7 96.
Kd4 Rf8 97. Bg6 Ra8 98. Re3 Rd8+ 99. Ke5 Kg8 100. Ke6 Kf8 101. Rf3+ Kg8 102.
Ke7 Ra8 103. Rd3 Ra7+ 104. Rd7 Ra8 105. Rd8+ Rxd8 106. Kxd8 Kf8 107. Kd7 Kg8
108. Ke7 Kh8 109. Be4 Kg8 110. Bd5+ Kh7 111. Kf7 Kh8 112. Be4 g6 113. hxg6 1-0

[Event "Mitropa Cup 34th"]
[Site "Mayrhofen"]
[Date "2015.06.17"]
[Round "4.2"]
[White "Kantor, Gergely"]
[Black "Kreisl, Robert"]
[Result "0-1"]
[WhiteElo "2416"]
[BlackElo "2441"]
[PlyCount "102"]
[EventDate "2015.06.14"]
[EventType "team"]
[EventRounds "9"]
[EventCountry "AUT"]
[WhiteTeam "Hungary"]
[BlackTeam "Austria"]
[WhiteTeamCountry "HUN"]
[BlackTeamCountry "AUT"]

1. d4 Nf6 2. c4 g6 3. g3 c6 4. Bg2 d5 5. e3 Bg7 6. Ne2 O-O 7. O-O b6 8. b3 a5
9. Nd2 Ba6 10. Qc2 Nbd7 11. Bb2 Rc8 12. Rad1 b5 13. c5 b4 14. Rfe1 e5 15. e4
Re8 16. dxe5 Nxe5 17. Nf4 Qc7 18. exd5 cxd5 19. Bd4 Re7 20. Re3 Rce8 21. Rde1
Neg4 22. Rxe7 Rxe7 23. Rxe7 Qxe7 24. Qd1 g5 25. Nh3 h6 26. Qa1 Qe2 27. Nf1 Qe6
28. Qc1 Ne8 29. Bxg7 Kxg7 30. Ne3 Nxe3 31. fxe3 Nc7 32. Qd2 Qe5 33. Qd4 Qxd4
34. exd4 Bd3 35. Bf1 Bb1 36. Be2 Bxa2 37. Bd1 Ne6 38. c6 Kf8 39. Nf2 Ke7 40.
Nd3 Kd6 41. Ne5 Nxd4 42. Nxf7+ Kxc6 43. Nxh6 Bxb3 44. Bxb3 Nxb3 45. Nf5 a4 46.
Ne3 Nd4 47. h4 gxh4 48. gxh4 a3 49. h5 a2 50. h6 a1=Q+ 51. Kg2 Qb1 0-1

[Event "Mitropa Cup 34th"]
[Site "Mayrhofen"]
[Date "2015.06.17"]
[Round "4.3"]
[White "Diermair, Andreas"]
[Black "Korpa, Bence"]
[Result "0-1"]
[WhiteElo "2494"]
[BlackElo "2432"]
[PlyCount "106"]
[EventDate "2015.06.14"]
[EventType "team"]
[EventRounds "9"]
[EventCountry "AUT"]
[WhiteTeam "Austria"]
[BlackTeam "Hungary"]
[WhiteTeamCountry "AUT"]
[BlackTeamCountry "HUN"]

1. d4 Nf6 2. c4 e6 3. Nf3 d5 4. Nc3 c5 5. cxd5 Nxd5 6. g3 Nc6 7. Bg2 Nxd4 8.
Nxd4 Nxc3 9. bxc3 cxd4 10. Qxd4 Qxd4 11. cxd4 Bd6 12. O-O Rb8 13. e4 Bd7 14.
Be3 O-O 15. Rac1 Bb5 16. Rfd1 Ba3 17. Rb1 Ba4 18. Rd2 b6 19. d5 exd5 20. exd5
Rfd8 21. Bh3 Bd7 22. Bf1 Rbc8 23. Ba6 Bf5 24. Rbd1 Rc7 25. d6 Rcd7 26. Bf4 Bg4
27. Bb5 Bxd1 28. Bxd7 Rxd7 29. Rxd1 f6 30. h4 Kf7 31. Kg2 Ke6 32. Re1+ Kd5 33.
h5 Bxd6 34. h6 gxh6 35. Rd1+ Ke6 36. Re1+ Be5 37. Bxh6 Kf5 38. Be3 Rd3 39. Rh1
Kg6 40. Rh6+ Kg7 41. Rh4 Ra3 42. Rg4+ Kf7 43. Rh4 Kg6 44. Rg4+ Kf5 45. Rh4 Rxa2
46. Rxh7 b5 47. Rb7 a6 48. Kf3 Ke6 49. Kg4 Kd5 50. Kf5 Bc3 51. g4 b4 52. Rc7
Ra5 53. Rc8 b3 0-1